Mot mystérieux - Série 28 - Statistiques

Statistiques générales
  • Ce quiz a été pris 97 fois
  • Le résultat moyen est 7 sur 10
Statistiques - réponses
Indices Mot % Correct
Atomique - Retardement - Givrante - Peinture Bombe
94%
Signal - Sonnette - Incendie - Pistolet Alarme
92%
Salade - Crabes - Percé - Basket Panier
81%
Mémoire - Postale - Séjour - Mère Carte
80%
Anonyme - Créance - Majuscule - Motivation Lettre
79%
Oeil - Crocodile - Sang - Joie Larme
74%
Noeud - Nage - Minute - Nuit Papillon
64%
Homme - Chapeau - Fer - Courte Paille
58%
Année - Habit - Ville - Electrique Lumière
38%
Pointe - Gloire - Kilomètre - Berger Heure
30%
Aucun quiz correspondant
Distribution des résultats
% des personnes avec chaque résultat
Percentile par nombre de réponses
Votre historique - résultats
Vous n’avez pas pris ce quiz